| 000 | 00367nam a2200145 i 4500 | ||
|---|---|---|---|
| 001 | bg | ||
| 100 | 1 | _aSOARS, John. | |
| 245 | 0 |
_aHeadway elementary : _bstudent's book : upper-intermediate / _cJ. Soars, L. Soars. |
|
| 260 |
_aOxford, _c1997. |
||
| 700 | 1 | _aSOARS, Liz. | |
| 040 | _cBPK | ||
| 041 | _apol | ||
| 942 | _cKS | ||
| 008 | s pl f |000 0 pol | ||
| 999 |
_c10060 _d10060 |
||